[Event "Moscow Aeroflot op"]
[Site "Moscow"]
[Date "2002.02.09"]
[Round "8"]
[White "Pogorelov, Ruslan"]
[Black "Kulaots, Kaido"]
[Result "1/2-1/2"]
[WhiteElo "2460"]
[BlackElo "2531"]
[Annotator "Ribli,Z"]
[PlyCount "83"]
[EventDate "2002.02.04"]
[EventType "swiss"]
[EventRounds "9"]
[EventCountry "RUS"]
[SourceTitle "CBM 088"]
[Source "ChessBase"]
[SourceDate "2002.03.21"]
[SourceVersion "1"]
[SourceVersionDate "2002.03.21"]
[SourceQuality "1"]

1. Nf3 Nf6 2. c4 e6 3. Nc3 d5 4. d4 dxc4 {Das ist die übliche Zugfolge der
Wiener Variante.} 5. e4 {Das ist die Hauptfortsetzung - die Alternativen 5.e3
und 5.Qa4+ sind nicht besonders gefährlich für Schwarz.} Bb4 6. Bg5 c5 7. Bxc4
cxd4 8. Nxd4 Qa5 {Dieser Zug führt zu ruhigem positionellem Spiel.} (8... Bxc3+
9. bxc3 Qa5 {Das ist die eigentliche Hauptvariante - hier stehen Weiß drei
Fortsetzungen zur Wahl: 10.Nb5, 10.Bxf6, 10.Bb5+.}) 9. Bd2 Qc5 (9... O-O) 10.
Bb5+ Nbd7 {Dieser Zug wurde erstmals von Kasparov gespielt - siehe Anmerkung
nach 14.0-0.} (10... Bd7) 11. Nb3 Qb6 12. Qe2 a6 13. Bd3 Ne5 14. Bc2 {Weiß
möchte seinen Läufer behalten.} (14. O-O O-O (14... Bd7 15. Rfd1 Nxd3 (15...
O-O 16. Rac1 $11) 16. Qxd3 Bc6 17. Qg3 (17. e5 $1 Nd5 (17... Nd7 18. Qg3 O-O-O
19. Rac1 $36) (17... Bxc3 18. Bxc3 Nd5 19. Bd4 Qc7 20. Qg3 $14) 18. Ne4 Be7 19.
Qg3 $36) 17... Bxc3 18. Bxc3 Nxe4 19. Qxg7 Qxf2+ 20. Kh1 Nxc3 {0-1 Cvitan,
O-Horvath,C/Pula 2001/EXT 2002 (25)}) 15. Rac1 Bd7 16. Bg5 $2 (16. Rfd1 $5 Nxd3
17. Qxd3 Bc6 18. Qg3 $5 Rfc8 19. Bh6 Ne8 20. Be3 Qc7 $11) 16... Nxd3 17. Qxd3
Bxc3 $1 18. Bxf6 Bxf6 19. Qxd7 Bxb2 $17 {0-1 Pelletier,Y-Kasparov,G/Zuerich
2001/CBM 83/[Ribli] (41)}) (14. Bb1 Bd7 15. f4 Ng6 $11) 14... Bd7 {[%cal Gd7b5,
Gb5e2] Das ist mehr als nur ein einfacher Entwicklungszug. Schwarz möchte Bxc3
nebst Bb5 ziehen, das ist sehr gefährlich für Weiß.} 15. f4 Bxc3 16. Bxc3 Bb5
17. Qf2 Nd3+ (17... Qxf2+ $2 18. Kxf2 Nd3+ 19. Ke3 Ng4+ (19... Rd8 20. Nd4 $16)
20. Kf3 $16) 18. Bxd3 Qxf2+ 19. Kxf2 Bxd3 20. Bxf6 $5 {Weiß muss seinen Läufer
abtauschen, sonst hängt der Pe4.} (20. e5 Ne4+ (20... Nd5 $11 {[%csl Gd5]}) 21.
Ke3 Nxc3 22. Kxd3 (22. bxc3 Bc4 $11) 22... Nd5 23. Ke4 $11) 20... gxf6 21. Nc5
O-O-O 22. Rac1 {Dieser automatische Turmzug gefällt mir nicht. Weiß sollte den
Turm besser auf a1 belassen und statt dessen mit a4 und b4 fortsetzen.} (22.
Ke3 Bb5 23. a4 {Weiß hat hier leichten Vorteil - denn der Bb5 findet keinen
guten Platz.} Be8 24. b4 $14) 22... Kb8 23. Ke3 Bb5 24. a4 {Weiß hat
mikroskopisch kleinen Vorteil - seine Bauernstruktur ist besser, und der
schwarze Läufer findet kein gutes Feld. Schwarz kann jedoch langsam
ausgleichen.} Be8 25. Rc3 (25. Rhd1 Rxd1 26. Rxd1 Bc6 27. Nd7+ Kc7 28. Nxf6
Bxa4 29. Rd4 Bc6 30. g4 h6 31. h4 a5 32. h5 b5 33. g5 {1-0 Dizdar,G-Petrov,J/
Pula 2001/EXT 2002 (42)}) (25. a5 Bb5 $11) (25. b4 Ka7 26. Rhd1 Bc6 $11) 25...
a5 $1 $11 {[%mdl 32] Nach diesem Zug kann Schwarz schon 26...Bc6 spielen, denn
Weiß kann mit Na6 keinen Bauern mehr gewinnen. Zudem verhindert der Textzug
das mögliche b2-b4.} 26. b3 Bc6 {[%csl Gc6]} (26... b6) 27. Rhc1 f5 28. R1c2 (
28. exf5 exf5 29. R1c2 (29. g3 $2 Rhe8+) 29... Rd1 $11 {Das aktive schwarze
Figurenspiel kompensiert den Doppelbauern auf der f-Linie.}) 28... fxe4 29.
Nxe4 Rd1 {[%csl Gc6,Gd1]} 30. Ng5 f6 {Schwarz opfert vorübergehend einen
Bauern.} (30... Rd7 31. Rd3 Bd5 $11) 31. Nxe6 Re1+ (31... Re8 32. f5 Bd5 $11)
32. Re2 Rxe2+ 33. Kxe2 Bxg2 {[%mdl 4096]} 34. Rc5 {[%csl Gc5] Weiß steht etwas
aktiver. Allerdings ist das Material bereits stark reduziert, und Schwarz kann
seinen Turm aktivieren.} Re8 35. Kf2 (35. f5 b6 36. Rc3 (36. Rb5 $2 Ka7 $19 {
[%csl Rb5][%cal Rg2c6,Rc6b5]}) 36... Be4 {[%csl Rf5][%cal Ge8e2]} 37. Kf2 Bxf5
38. Ng7 Re5 39. Rc6 $11) 35... Be4 $5 (35... Rxe6 36. Kxg2 Re3 $11) 36. Ng7 Rd8
37. Rxa5 Rd3 {[%csl Gd3,Ge4] Weiß hat einen Bauern mehr, aber er kann sein
Übergewicht nicht halten, da die schwarzen Figuren sehr aktiv stehen.} 38. Nh5
(38. Rb5 Rf3+ $11 {[%cal Rf3f2,Rf3f4]}) 38... Rxb3 39. Nxf6 Rf3+ 40. Ke2 Rxf4
41. Nxe4 (41. Ke3 Rxf6 42. Kxe4 $11) 41... Rxe4+ 42. Kf3 1/2-1/2

[Event "HUN-ch final"]
[Site "Balatonlelle"]
[Date "2002.06.09"]
[Round "4"]
[White "Ruck, Robert"]
[Black "Acs, Peter"]
[Result "1/2-1/2"]
[WhiteElo "2569"]
[BlackElo "2529"]
[Annotator "Ribli,Z"]
[PlyCount "108"]
[EventDate "2002.06.??"]
[EventType "match"]
[EventRounds "6"]
[EventCountry "HUN"]
[SourceTitle "CBM 090"]
[Source "ChessBase"]
[SourceDate "2002.09.20"]
[SourceVersion "1"]
[SourceVersionDate "2002.09.20"]
[SourceQuality "1"]

1. Nf3 d5 2. d4 Nf6 3. c4 e6 4. Nc3 dxc4 5. e4 {Statt dieser Fortsetzung kann
Weiß 5.e3 spielen mit Übergang zum Angenommenen Damengambit oder 5.Qa4+ c6 6.
Qxc4.} Bb4 6. Bg5 c5 {Das ist die Grundstellung der sogenannten Wiener
Variante des Damengambits. In dieser Variante sieht man oft zweischneidige
Kämpfe und viele konkrete, taktische Varianten.} 7. Bxc4 cxd4 8. Nxd4 Bxc3+ 9.
bxc3 Qa5 10. Bxf6 {Das ist die alte Variante - die andere Züge sind 10.Bb5+
und 10.Nb5.} Qxc3+ 11. Kf1 gxf6 (11... Qxc4+ $6 12. Kg1 Nd7 (12... gxf6 $2 13.
Rc1 $18) 13. Rc1 Qa6 (13... Qb4 14. Bxg7 Rg8 15. Nxe6 $1 fxe6 16. Qh5+ Kd8 17.
Qxh7 $18) (13... Qxa2 14. Bxg7 Rg8 15. Nb5 $1 $16) 14. Bxg7 Rg8 15. Bh6 Ne5 16.
Qh5 Qa5 17. Bf4 Nc4 18. Qxh7 $16) 12. Rc1 Qa5 (12... Qb4 $6 13. Bxe6 $1 Nc6 (
13... Bxe6 14. Nxe6 $18) 14. Nxc6 bxc6 15. Bxc8 Rxc8 16. h4 $1 O-O 17. Qg4+ Kh8
18. Rh3 $14) 13. Bb5+ {Weiß hat einen Bauern weniger, aber seine Figuren
stehen sehr aktiv und der gegnerische König steht unsicher im Zentrum.} Ke7 (
13... Nd7 $2 {Dieser Zug wäre ein bekannter theoretischer Fehler.} 14. Rxc8+
Rxc8 15. Bxd7+ Ke7 (15... Kxd7 16. Nb3+ $18 {[%cal Rd1d7,Rb3a5]}) 16. Bxc8 Rxc8
17. h4 $1 Rd8 18. Rh3 $18) 14. e5 fxe5 15. Qh5 Nd7 (15... exd4 $4 16. Qg5+ f6
17. Qc5+ Kf7 18. Be8+ {[%cal Re8f7,Rc5a5]} Rxe8 19. Qxa5 (19. Qxa5 {1-0
Bohnsack,R-Heuer,T/Germany 1990/EXT 97-B (19)}) 19... Kg6 20. h4 Nc6 21. Qc7 {
1-0 Rychagov,A-Kosyrev,V/Moscow 2000/EXT 2001 (33)}) (15... f6 $6 16. Bc4 (16.
a4 Qd8 17. Ne2 a6 18. Bc4 Nc6 19. Qh6 Rf8 20. Qxh7+ Rf7 {1/2-1/2 Agrest,
E-Olafsson,H/Istanbul (ol) 80/(445) 2000 (27)}) 16... Qa3 17. Nf5+ Kd8 18. Rd1+
Bd7 19. Nd6 Kc7 20. Qf7 Qxd6 21. Rxd6 Kxd6 22. Qxf6 Rc8 23. Ke2 Rxc4 24. Rd1+ {
1-0 Gschnitzer,O-Gyimesi,Z/Germany 2001/EXT 2002 (62)}) 16. Qg5+ Kd6 $2 {
Dieser "aktive" Zug ist nicht die beste Möglichkeit für Schwarz.} (16... Kf8
17. Rxc8+ (17. Qh6+ $6 Ke8 $1 18. Qg7 Rf8 19. Qxe5 Qd2 20. Nb3 Qb4 $17) 17...
Rxc8 18. Bxd7 Qd8 19. Nxe6+ fxe6 20. Qh6+ Ke7 21. Qxe6+ Kf8 22. Qh6+ Ke7 23.
Qe6+ {1/2-1/2 Ribli,Z-Tukmakov,V/Germany 1988/EXT 2002 (23)}) 17. Bc4 $36 {
[%csl Rd6][%cal Gg5a5] Jetzt hat Weiß schon zwei Bauern weniger, aber es droht
18.Nb5+. Die weiße Kompensation ist mehr als genügend. Der Textzug ist nicht
schlecht, aber die Alternative 17.Be2 kommt auch stark in Betracht.} (17. Be2
$5 a6 18. h4 h6 19. Qg7 Rf8 20. Nb3 Qd8 21. Qxh6 a5 22. Rh3 {[%cal Gh3c3,Gc1c7]
1-0 Orso,M-Horvath,C/HUN 1989/TD (40)}) 17... a6 18. Ke2 {[%cal Gh1d1,Gd1d6]
[%mdl 128]} (18. Nf3) 18... Kc7 (18... Qd8 19. Qg3 $36 {[%cal Gg3a3,Ga3d6]})
19. Nb3 (19. Bxe6+ Kb8 20. Bxf7 Rf8 21. Bb3 Qb6 22. Nf3 e4 23. Qg3+ Ka7 24. Nd2
Nc5 $15) 19... Qxa2+ 20. Nd2 {[%csl Ra2,Rc7][%cal Gc1c7] Schwarz hat nun schon
drei Bauern mehr, aber seine Dame und sein König stehen schlecht.} Qa5 21.
Bxe6+ Kb8 22. Bxf7 Rf8 (22... Qd8 $13) 23. Qe7 Qb5+ $6 (23... Qd8 24. Qd6+ Ka7
$13) 24. Nc4 $16 Qc5 (24... Ka7 25. Rhd1 $16 {[%csl Gc1,Gc4,Gd1,Ge7,Gf7] Ein
interessantes Bild - alle weißen Figuren stehen aktiv.}) 25. Qxc5 (25. Nd6 Rxf7
26. Rxc5 Rxe7 27. Rxc8+ Ka7 28. Nb5+ axb5 29. Ra1+ Kb6 30. Rcxa8 $16) 25...
Nxc5 26. Nb6 Rxf7 (26... Bg4+ 27. f3 Nd7 28. Nxa8 Rxf7 29. Nc7 Nf6 30. fxg4
Rxc7 $16) 27. Rxc5 $18 {[%cal Rc5c8,Rb6c8,Rb6a8][%mdl 1024] Weiß hat nur einen
Bauern weniger, aber jetzt hängt der a8R und der c8B auch.} Bf5 28. Rxe5 (28.
Nxa8 $18) 28... Ka7 (28... Ra7 29. Rc1 $18) 29. Nxa8 Kxa8 30. Ra1 Ka7 31. f3
Bd7 32. g4 Bc6 33. Re3 b5 34. h4 Kb6 35. h5 a5 36. g5 Rf5 37. g6 Rxh5 38. Re6
hxg6 39. Rxg6 Rc5 40. f4 a4 41. Kd2 Rd5+ 42. Kc3 Rc5+ 43. Kb2 Rc4 44. f5 Ka5
45. Rc1 Rb4+ 46. Ka1 Be4 47. Rg5 Rb3 48. Re1 Ra3+ 49. Kb2 Rb3+ 50. Ka2 Bd5 51.
f6 Re3+ 52. Rxd5 Rxe1 53. f7 Rf1 54. Rd7 b4 1/2-1/2

[Event "Redbus KO"]
[Site "Southend"]
[Date "2002.03.29"]
[Round "1.2"]
[White "Pert, Nicholas"]
[Black "Wells, Peter K"]
[Result "0-1"]
[WhiteElo "2451"]
[BlackElo "2517"]
[Annotator "Ribli,Z"]
[PlyCount "70"]
[EventDate "2002.03.29"]
[EventType "k.o."]
[EventRounds "4"]
[EventCountry "ENG"]
[SourceTitle "CBM 089"]
[Source "ChessBase"]
[SourceDate "2002.08.12"]
[SourceVersion "1"]
[SourceVersionDate "2002.08.12"]
[SourceQuality "1"]

1. d4 Nf6 2. Nf3 d5 3. c4 e6 4. Nc3 dxc4 5. e4 Bb4 {Das ist die Wiener
Variante des Damengambits, die in der Regel zu lebendigem Figurenspiel und
großem taktischen Kampf mit beiderseitigen Chancen führt. Diese Spielweise ist
in letzter Zeit sehr populär.} 6. Bg5 c5 7. e5 (7. Bxc4 {Dieser Zug wird
häufiger gespielt als die Partiefortsetzung.}) 7... cxd4 8. Qa4+ Nc6 9. O-O-O
Bd7 (9... Bxc3 10. bxc3 h6) 10. Ne4 Be7 (10... b5 $6 11. Qxb5 Rb8 12. exf6 Rxb5
13. fxg7 Rg8 14. Bxd8 Kxd8 15. Bxc4 (15. Nf6 Rxg7 16. Nxd4 Nxd4 17. Rxd4 Rb7
18. Bxc4 Ke7 $14) 15... Rb7 $13 (15... Rb6 16. Nxd4 Nxd4 17. Rxd4 $16)) 11.
exf6 gxf6 12. Bh4 Rc8 (12... Ne5 $2 13. Qa3 $3 Bxa3 14. Nxf6+ Kf8 15. Nxe5 Qa5
16. Nfxd7+ Ke8 (16... Kg8 17. Nxc4 Rc8 18. Kb1 Qa4 19. Rxd4 $18) (16... Kg7 17.
Bf6+ Kg8 18. Nxc4 Rc8 19. Rxd4 $18) 17. Nxc4 Qc7 18. Nf6+ Kf8 19. Bg3 Qe7 20.
Be5 $18) 13. Kb1 Na5 14. Qc2 e5 15. Nxd4 {Die schwarze Bauernmasse im Zentrum
ist zu stark, deshalb muss Weiß die Figur zurückgeben.} exd4 16. Rxd4 Qb6 {
Bis hierher - kann man sagen - war alles forciert. An dieser Stelle bieten
sich Weiß viele Möglichkeiten.} (16... Nc6) 17. Rxd7 {Mit dem Textzug opfert
Weiß die Qualität, um auf den weißen Feldern anzugreifen.} (17. Nxf6+ Bxf6 18.
Qe4+ Kf8 19. Bxf6 Qxf6 20. Rxd7 Re8 $11) (17. Rd5) (17. Rd6) 17... Kxd7 18. Be2
Qe6 $146 {[%mdl 4] Der Textzug verhindert 19.Bg4+, anschließend soll der König
nicht nach e8, sondern nach c6 ziehen. Der Textzug führt - wie die ganze
Variante - zu unklarem Spiel.} (18... Ke8 $5 19. Qc3 (19. Bg4 Rd8 20. Re1 (20.
Qc3 $44) 20... Kf8 21. Qc1 h5 22. Bf3 Qd4 23. Bg3 Nc6 {1/2-1/2 Ivanov,
V-Dragomarezkij,E/Moscow 1996/CBM 55 ext (31)}) 19... Rc6 20. Rd1 Re6 21. Bf3
Rg8 22. Rd5 Rxe4 (22... f5 23. Bxe7 fxe4 24. Bc5 Qc7 25. Bg4 Nc6 26. Bxe6 fxe6
27. Rd6 Qg7 28. Qxc4 Nd8 29. Qb5+ Nc6 30. Rxe6+ {1-0 Szabolcsi,J-Shchekachev,A/
Paris 2001/CBM 83 ext (58)}) 23. Bxe4 Rg4 24. Qxa5 Rxe4 25. Qxb6 axb6 26. Rh5 {
1/2-1/2 Goldin,A-Gelfand,B/Vilnius 1988/CBM 07 (26)}) (18... Rc6 19. Bg4+ Ke8
20. Rd1 Kf8 21. Bd7 Rc7 22. Qc3 Rg8 23. Nxf6 Rxg2 24. Bf5 Qb5 25. Nxh7+ Kg8 26.
Nf6+ Kf8 27. Nh7+ Kg8 28. Nf6+ Kf8 29. Be4 Rg7 30. Nh7+ Rxh7 31. Bxh7 {1-0
Ziatdinov,R-Oll,L/Tashkent 1986/EXT 97 (31)}) 19. Re1 {[%cal Ge1e7] Weiß ist
mit einer Qualität + Bauer im Rückstand, er muss also beweisen, dass er
ausreichend Kompensation hat. Der Turmzug scheint mir jedoch etwas zu
schablonenartig - die Alternativen sind, glaube ich, stärker.} (19. Bxf6 Rhg8 (
19... Bxf6 $2 20. Bg4 Qxg4 21. Nxf6+ $18) 20. Qd2+ (20. Bc3 Nc6 21. Bf3 Kc7) (
20. Qa4+) 20... Ke8 21. Qe3 $44) (19. Qa4+ $5 Qc6 (19... Nc6 20. f3 $36) 20.
Bg4+ $1 (20. Qc2 $6 {Das ist ein indirektes Remisangebot, Schwarz muss sich
aber nicht auf Zugwiederholung einlassen.}) 20... Ke8 21. Qc2 $44) 19... Kc7 $1
$15 {[%mdl 256] Schwarz muss seinen König in Sicherheit bringen.} 20. Bg3+ (20.
Bf3 $2 {[%cal Gc7b6,Gc7b8]} f5 21. Bxe7 (21. Qd2 Bxh4 22. Qxa5+ (22. Nc3 Bg5
23. Nb5+ Kb8 24. Qxa5 Qb6 25. Qxb6 axb6 $17) 22... Kb8 $17) 21... Qxe7 22. Qd2
fxe4 23. Qxa5+ Kb8 $17) 20... Kb6 21. f3 {Weiß festigt die Stellung des Ne4
und plant Bf2+.} (21. f4) 21... Ka6 {[%cal Ge2a6] Der König befindet sich nun
in der Zielrichtung des Be2. ich kann allerdings nicht erkennen, wie Weiß
diesen Umstand ausnutzen könnte.} 22. Nd2 (22. Nc3 Qc6 $15) 22... Qc6 23. Rc1 (
23. Nxc4 Nxc4 24. b3 b5 25. bxc4 bxc4 $17) 23... Rhd8 $6 (23... b5 $17) 24. Nb3
$2 (24. Nxc4 Nxc4 (24... b5 25. Nxa5 Qxc2+ 26. Rxc2 Rxc2 27. Kxc2 Rc8+ (27...
Kxa5 28. Bc7+ $11) 28. Nc4 bxc4 29. b3 $11) 25. Bxc4+ b5 26. Qa4+ Kb6 27. Qb3 (
27. Bf2+ Bc5 $19) 27... Qd7 $15) 24... b5 $17 25. Nxa5 Kxa5 26. a4 $6 {Der
Textzug schwächt am Ende nur die eigene Königsstellung.} (26. Qxh7 $17) 26...
a6 27. Bf2 Bb4 28. axb5 axb5 $19 {[%cal Gc8a8,Ga8a1] Schwarz hat Qualität +
Bauern mehr - und Weiß verfügt über keine Kompensation. Auf den ersten Blick
scheint der schwarze König auf a5 schlecht zu stehen, in Wirklichkeit aber ist
die offene a-Linie ein Vorteil für Schwarz.} 29. Ka1 Ka6 {[%cal Ga6b7] Der
schwarze König findet ein sicheres Feld auf b7.} 30. Qb1 Ra8 {[%csl Ra1][%cal
Ra8a1]} 31. Qxh7 Qe6 (31... Kb7+ $19) 32. Bf1 Kb7+ 33. Kb1 c3 {Es droht Matt,
Weiß muss daher die Damen tauschen.} 34. Qe4+ Qxe4+ 35. fxe4 cxb2 (35... cxb2
36. Kxb2 Rd2+ 37. Rc2 Rxc2+ (37... Ra2+ 38. Kxa2 Rxc2+ $19) 38. Kxc2 Ra2+ $19)
0-1

[Event "Interzonal-14c"]
[Site "Zagreb"]
[Date "1987.??.??"]
[Round "9"]
[White "Polugaevsky, Lev"]
[Black "Inkiov, Ventzislav"]
[Result "1/2-1/2"]
[WhiteElo "2595"]
[BlackElo "2485"]
[Annotator "Ribli,Z"]
[PlyCount "56"]
[EventDate "1987.08.01"]
[EventType "tourn"]
[EventRounds "17"]
[EventCountry "YUG"]
[EventCategory "12"]
[SourceTitle "CBM 004"]
[Source "ChessBase"]
[SourceDate "1988.06.01"]
[SourceVersion "1"]
[SourceVersionDate "1988.06.01"]
[SourceQuality "1"]

1. d4 Nf6 2. Nf3 e6 3. c4 d5 4. Nc3 Bb4 5. Bg5 dxc4 6. e4 c5 7. e5 cxd4 8. Nxd4
Qa5 9. exf6 Bxc3+ 10. bxc3 Qxg5 11. fxg7 (11. Qa4+ $5 Nd7 12. fxg7 Qxg7 13. Qb4
Qe5+ 14. Be2 Qc5 15. Bxc4 {Dautov,R}) 11... Qxg7 12. Qf3 Nd7 $5 13. Bxc4 O-O
14. Be2 $6 Ne5 15. Qe3 Ng6 $1 16. g3 (16. f4 $2 Qh6 17. g3 e5 $17) (16. O-O e5
17. Nf3 Nf4 $15) 16... e5 17. Nf3 (17. Nb5 $142) 17... Bh3 $1 18. O-O-O Rac8
19. Kb2 b5 $6 (19... Rc7 $17) 20. Ng5 Bf5 21. Ne4 $6 (21. g4 $1 Be6 22. Ne4 $13
) 21... Bxe4 22. Qxe4 Qf6 $1 23. Qe3 Rc7 24. Rd5 $1 Rfc8 25. Rc1 b4 26. c4 Ne7
27. Rb5 Nc6 $6 (27... a6 $142 28. Rb6 (28. Rxb4 $2 Nd5 $19) (28. Qxe5 $2 Qxf2
$1 29. Ra5 Nc6 30. Qg5+ Kh8 $19) 28... Rc6 29. Rxc6 Nxc6 $15) 28. Rd1 Rd8 $15
1/2-1/2

[Event "Interzonal-14c"]
[Site "Zagreb"]
[Date "1987.??.??"]
[Round "11"]
[White "Miles, Anthony John"]
[Black "Inkiov, Ventzislav"]
[Result "1/2-1/2"]
[WhiteElo "2585"]
[BlackElo "2485"]
[Annotator "Ribli,Z"]
[PlyCount "76"]
[EventDate "1987.08.01"]
[EventType "tourn"]
[EventRounds "17"]
[EventCountry "YUG"]
[EventCategory "12"]
[SourceTitle "CBM 004"]
[Source "ChessBase"]
[SourceDate "1988.06.01"]
[SourceVersion "1"]
[SourceVersionDate "1988.06.01"]
[SourceQuality "1"]

1. d4 Nf6 2. c4 e6 3. Nf3 d5 4. Nc3 Bb4 5. Bg5 dxc4 6. e4 c5 7. e5 cxd4 8. Nxd4
Qa5 9. exf6 Bxc3+ 10. bxc3 Qxg5 11. fxg7 Rg8 $5 12. Rb1 (12. Qf3 Qd5 $5) 12...
Rxg7 13. Nb5 Qe5+ $1 (13... Na6 $6 14. Nd6+ Kf8 15. Qd4 $16) 14. Qe2 (14. Be2
$6 Bd7) 14... Qxe2+ 15. Bxe2 Na6 16. Nd6+ Kf8 $8 17. O-O (17. Nxc8 Rxc8 18.
Rxb7 Nc5 $1 19. Rxa7 Rxg2 $15) 17... Nc5 18. Bf3 (18. Rb5 b6 19. Bf3 Rb8 20.
Rfb1 Bb7 $1 $15) 18... f6 $1 $10 19. Nxc4 Rb8 20. Rfd1 (20. Na5 b6 $1 21. Nc6
$2 Bb7 $1 22. Nxb8 Bxf3 23. g3 Rb7 $17) 20... Bd7 21. Rd4 $5 Re7 $1 (21... Ke7
22. Ne3 b6 23. Rf4 $1 {/\ Re1+/-}) 22. Nd6 b6 23. Re1 e5 24. Rd2 Be6 25. Red1
Rd8 26. Ne4 $2 (26. Nb5 $142) 26... Rxd2 27. Rxd2 Nxe4 28. Bxe4 Rc7 $17 29. Rc2
h6 30. Kf1 Bc4+ 31. Ke1 Rc5 32. Rb2 Ra5 33. Bb1 Ke7 34. Kd2 Ra3 35. Kc2 Bd5 (
35... Kd6 36. Rb4 b5 37. Kb2 Ra6 $17) 36. f3 Ra5 $2 (36... Bc4 $17) 37. Kc1 Bc4
38. Rd2 Rc5 1/2-1/2

[Event "GER-ch 74th"]
[Site "Saarbruecken"]
[Date "2002.11.23"]
[Round "2"]
[White "Schmidt, Harald"]
[Black "Slobodjan, Roman"]
[Result "0-1"]
[WhiteElo "2332"]
[BlackElo "2521"]
[Annotator "Ribli,Z"]
[PlyCount "88"]
[EventDate "2002.11.22"]
[EventType "swiss"]
[EventRounds "9"]
[EventCountry "GER"]
[SourceTitle "CBM 093"]
[Source "ChessBase"]
[SourceDate "2003.04.01"]
[SourceVersion "1"]
[SourceVersionDate "2003.04.01"]
[SourceQuality "1"]

1. c4 e6 2. Nf3 Nf6 3. Nc3 d5 4. d4 dxc4 5. e4 Bb4 6. Bg5 c5 7. Bxc4 cxd4 8.
Nxd4 Bxc3+ 9. bxc3 Qa5 10. Bb5+ {Es gibt einige Alternativen für Weiß, wie 10.
Bxf6 und 10.Nb5. Der Textzug stellt aber die beste Möglichkeit dar.} Nbd7 (
10... Bd7) 11. Bxf6 Qxc3+ 12. Kf1 gxf6 13. Nxe6 $6 {Dieser Zug ist gar nicht
gefährlich für Schwarz und noch dazu ist das gut bekannt in der
Eröffnungstheorie. Die Alternative 13.h4 (oder 13.Rc1) gibt Weiß viel bessere
Angriffschancen.} Qe5 $1 {[%csl Ge5] Nach diesem guten Damenzug muss Weiß an
die Verteidigung denken. Interessanterweise steht der schwarze König weitaus
sicherer als der weiße Kollege.} (13... fxe6 $2 14. Rc1 Qe5 15. Rxc8+ $18) 14.
Nd4 (14. Ng7+ $6 Kf8 15. Nf5 Qxb5+ 16. Kg1 Qe5 $1 17. h4 Rg8 18. Rh3 Rg6 19.
Rc1 Nb6 20. Qd8+ Qe8 21. Qd6+ Kg8 22. Re3 Be6 23. h5 Rg5 {0-1 Lobron,E-Polgar,
Z/Dortmund 1990/CBM 18/[Polgar,Zsu] (38)}) 14... O-O $5 15. Qg4+ (15. a4 Rd8
16. Nf5 Nf8 17. Qg4+ Ng6 18. Re1 a6 19. Be2 Rd4 20. Bf3 Bxf5 21. Qxf5 Rxa4 {
0-1 Szuhanek,R-Rezan,S/Rijeka 2001/EXT 2002 (37)}) (15. Rc1 Rd8 16. f4 Qxf4+
17. Nf3 Nf8 18. Qe1 Bg4 19. Kf2 Bxf3 20. gxf3 Rd2+ 21. Be2 Rad8 {0-1 Umanskaya,
I-Tazhieva,L/Azov 1991/EXT 97 (43)}) (15. Be2 Nc5 16. Nf3 Qxe4 17. Qd6 Ne6 18.
h4 Nf4 19. Re1 Be6 20. Ba6 Qa4 21. Bxb7 Rad8 {1/2-1/2 Prakash,G-Atanu,L/Sangli
2000/EXT 2001 (49)}) 15... Kh8 {[%csl Gh8] Der schwarze König steht in voller
Sicherheit auf h8, während der Kf1 die Verbindung zwischen den weißen Türmen
verhindert.} 16. Rd1 (16. Bxd7 Qxd4 17. Rd1 Bxd7 18. Qxd7 Qxe4 $17) 16... Nc5
17. Qh4 (17. Nf5 Bxf5 18. Qxf5 (18. exf5 Rad8 19. Re1 Ne4 20. Be2 {0-1 Westin,
B-Hedman,E/Stockholm 1994/EXT 2000 (20)} Qd4 $1) 18... Nxe4 19. Qxe5 fxe5 20.
Re1 Nc3 21. Rxe5 Nxa2 22. Re7 Nc3 23. Bc4 b5 24. Bxf7 Rfd8 {0-1 Somogyi,
I-Galyas,M/Budapest 2001/CBM 82 ext (36)}) 17... Ne6 $1 $17 {[%mdl 64] Mit
diesem Zug gewinnt Schwarz einen Bauern, bei aktiver Stellung. Schwarz nutzt
den Umstand aus, dass der d4N nicht wegziehen kann, weil dann der Bb5 mit
Schach haengt.} (17... Nxe4 $6 18. f3 Nc3 19. Bd3 f5 20. Re1 $132) 18. Bc4 (18.
Nxe6 $4 Qxb5+ $19) (18. f4 Nxf4 $17) 18... Nxd4 19. f4 Qd6 (19... Qxe4 $2 20.
Bd3 {[%csl Re4,Rh8]} Nf5 21. Qxf6+ $18) 20. e5 fxe5 (20... Qb6 $2 21. Rxd4 Qxd4
22. Qxf6+ Kg8 23. Qg5+ $11) 21. fxe5 Qxe5 22. Rxd4 (22. Qxd4 Qxd4 23. Rxd4 Bf5
$17) 22... Bf5 $17 {[%csl Gf5] Der Läufer steht sehr gut auf f5, Weiß hat
keine Kompensation für den Minusbauern.} 23. Qf4 (23. Kf2 Rae8 $17) 23... Rae8
24. Kf2 b5 25. Qxe5+ {Weiß muss die Damen tauschen, nach 25.Bb3?? kommt 25...
Qe2+ mit sofortigem Gewinn.} Rxe5 {[%mdl 4096] In diesem Endspiel hat Schwarz
einen gesunden Mehrbauern und seine Bauern am Damenflügel sind sehr stark.} 26.
Be2 (26. Bb3 a5 $17) 26... Rfe8 27. Bf3 {Endlich erhält der Läufer eine
sichere Position auf f3, aber Weiß kann schon nichts mehr gegen den Vormarsch
der schwarzen a- und b-Bauern unternehmen.} a5 {[%csl Ga5,Gb5] Schwarz
mobilisiert seine Bauernmehrheit am Damenflügel.} 28. a3 Rc8 {[%cal Rc8c3,
Rc3a3]} 29. Ra1 Kg7 {[%cal Gg7f6] Endlich kommt der schwarze König ins Spiel.
Weiß hat nur Abwartezüge zur Verfügung.} 30. Kg3 Bg6 31. Kf4 Rf5+ (31... Rec5
$17) 32. Ke3 Rc3+ {[%csl Gc3]} 33. Kd2 Rfc5 34. Rd5 (34. Ra2 Kf6 $17 (34...
Rc2+ 35. Rxc2 Rxc2+ 36. Kd1 Rc3 37. Be2 Rxa3 38. Bxb5 Ra2 39. Bc6 Kf6 $17))
34... Rc2+ (34... Rxd5+ 35. Kxc3 Rd3+ 36. Kb2 Kf6 $17) 35. Ke1 (35. Kd1 Rxd5+
36. Bxd5 Rc3 $17) 35... Rxd5 36. Bxd5 Rc3 {[%csl Gc3,Gg6] In diesem Endspiel
gibt es einen großen Unterschied in der Aktivität zwischen den Figuren. Weiß
hat nicht nur einen Bauern weniger, sondern auch eine sehr passive Stellung.}
37. Bf3 Rb3 38. Kd2 Kf6 39. h4 h6 (39... Ke5 $19) 40. h5 Bf5 41. a4 b4 $19 {
[%csl Gb4] Der verteidigte b-Freibauer und die Aktivitaet der schwarzen
Figuren entscheidet die Partie.} 42. Rc1 Rd3+ 43. Ke2 Rd6 {[%cal Rb4b3,Rb3b2]}
44. Rc4 (44. Rc7 Rb6 45. Bd5 b3 46. Rxf7+ Ke5 $19) 44... b3 0-1